Luiz Felipe Scolari's Portugal - Statistics

General Stats
  • This quiz has been taken 12 times
  • The average score is 23 of 53
Answer Stats
Rank Player Position Nationality Matches Goals Assists % Correct
2 Cristiano Ronaldo Centre-Forward 58 21 14
100%
35 Pepe Centre-Back 7 1 0
90%
9 Ricardo Carvalho Centre-Back 46 4 1
90%
3 Deco Attacking Midfield 55 4 13
80%
15 Luís Figo Right Winger 38 5 16
80%
27 Nani Left Winger 15 2 3
70%
7 Pauleta Centre-Forward 47 28 6
70%
5 Paulo Ferreira Right-Back 48 0 3
70%
1 Ricardo Goalkeeper 67 0 1
70%
20 Ricardo Quaresma Right Winger 22 3 3
70%
8 Maniche Central Midfield 47 7 5
60%
38 Ricardo Costa Centre-Back 6 0 0
60%
22 Rui Costa Attacking Midfield 20 4 4
60%
31 Bosingwa Right-Back 10 0 1
50%
28 Bruno Alves Centre-Back 11 1 0
50%
51 Bruno Vale Goalkeeper 1 0 0
50%
11 Costinha Defensive Midfield 41 0 1
50%
17 Hélder Postiga Centre-Forward 33 11 4
50%
30 Hugo Almeida Centre-Forward 11 2 1
50%
48 João Alves Central Midfield 3 0 1
50%
26 João Moutinho Central Midfield 17 1 3
50%
6 Miguel Right-Back 48 1 4
50%
37 Miguel Veloso Defensive Midfield 7 0 0
50%
14 Nuno Gomes Centre-Forward 39 15 4
50%
18 Nuno Valente Left-Back 30 1 2
50%
50 Paulo Santos Goalkeeper 1 0 0
50%
53 Pedro Mendes Central Midfield 1 0 0
50%
29 Raúl Meireles Central Midfield 11 1 0
50%
4 Simão Left Winger 49 14 8
50%
16 Tiago Mendes Central Midfield 36 1 2
50%
12 Fernando Meira Centre-Back 40 2 1
40%
23 Luís Boa Morte Left Midfield 20 0 3
40%
25 Rui Jorge Left-Back 18 0 2
40%
32 Beto Centre-Back 9 0 0
30%
21 Fernando Couto Centre-Back 20 2 1
30%
24 Hugo Viana Central Midfield 19 1 5
30%
13 Petit Defensive Midfield 40 4 1
30%
46 Carlos Martins Attacking Midfield 3 0 0
20%
52 Duda Left Midfield 1 0 0
20%
40 Frechaut Right-Back 6 0 0
20%
10 Jorge Andrade Centre-Back 42 2 4
20%
34 Jorge Ribeiro Left-Back 8 0 0
20%
45 Manuel Fernandes Attacking Midfield 3 1 0
20%
19 Marco Caneira Centre-Back 23 0 0
20%
33 Quim Goalkeeper 8 0 0
20%
36 Sérgio Conceição Right Winger 7 0 2
20%
44 Alex Right-Back 3 0 0
10%
43 Ariza Makukula Centre-Forward 4 1 0
10%
39 Luís Loureiro Defensive Midfield 6 0 0
10%
41 Ricardo Rocha Centre-Back 5 0 0
10%
42 Rogério Matias Left-Back 5 0 0
10%
47 Silas Attacking Midfield 3 0 0
10%
49 Tonel Centre-Back 1 0 0
10%
No matching quizzes found
Score Distribution
Percent of People with Each Score
Percentile by Number Answered
Your Score History
You have not taken this quiz